|
|
|
|
| LEADER |
00000nam a2200000 a 4500 |
| 001 |
vtls010062084 |
| 003 |
SK-MaSNL |
| 005 |
20260301053201.0 |
| 008 |
180730s2009 xo oa e p 001 0 slo |
| 015 |
|
|
|a SNBA2010/07-03849
|
| 020 |
|
|
|a 9788071589631
|q (brož.)
|
| 035 |
|
|
|a CD74FFE6-9197-4795-AD21-4CEB6DC26D47
|
| 035 |
|
|
|a urn:nbn:sk:snk-amtg7s
|
| 035 |
|
|
|a urn:nbn:sk:snk-am00cds3
|
| 040 |
|
|
|a SNK
|b slo
|c SNK
|e AACR2
|
| 041 |
0 |
|
|a slo
|
| 044 |
|
|
|a xo
|c SK
|
| 072 |
|
7 |
|a 811.162.4
|x Slovenčina
|2 konspekt
|
| 080 |
|
|
|a 811.162.4
|2 2001
|
| 080 |
|
|
|a (075.3)
|2 2001
|
| 245 |
0 |
0 |
|a Slovenský jazyk 1 pre stredné školy
|p Učebnica
|c Milada Caltíková ... [et al.] ; [ilustrácie: Peter Stankovič]
|
| 246 |
3 |
0 |
|a Učebnica
|
| 260 |
|
|
|a Bratislava
|b Slovenské pedagogické nakladateľstvo
|c 2009
|
| 300 |
|
|
|a 96 s.
|b fotogr.
|c 30 cm
|
| 504 |
|
|
|a Bibliogr. s. 91-92. Vec. reg.
|
| 650 |
0 |
7 |
|a slovenčina
|2 SNKPH
|9 1350
|
| 650 |
0 |
7 |
|a Slovak language
|2 SNKPHeng
|9 266031
|
| 655 |
|
7 |
|a učebnice stredných škôl
|2 SNKPH
|9 69323
|
| 655 |
|
7 |
|a Textbooks (secondary)
|2 SNKPHeng
|9 276359
|
| 700 |
1 |
|
|a Stankovič, Peter,
|d 1962-2025
|4 ill
|9 238691
|
| 700 |
1 |
|
|a Caltíková, Milada
|4 aut
|9 240361
|
| 700 |
1 |
|
|a Lauková, Zuzana
|4 aut
|9 329638
|
| 700 |
1 |
|
|a Polakovičová, Alena
|4 aut
|9 24517
|
| 700 |
1 |
|
|a Štarková, Ľubica
|4 aut
|9 65884
|
| 852 |
|
|
|a Štátna vedecká knižnica v Banskej Bystrici
|
| 919 |
|
|
|a 978-80-7158-963-1
|
| 958 |
|
|
|a NB
|
| 968 |
|
|
|d 81
|
| 999 |
|
|
|c 607713
|d 609643
|
| 952 |
|
|
|a SNK
|b SNK
|y PREZ
|7 0
|p 17A0663045
|o snkSB 79635
|i snk2010/12198
|8 0
|0 0
|1 0
|4 0
|d 2010-06-04
|f 1
|l 0
|r 2025-04-30 00:00:00
|w 2026-02-23
|
| 952 |
|
|
|a SNK
|b SNK
|y VYP
|7 0
|p 17A0663046
|o snkSB 79635 D1
|i snk2010/12199
|8 0
|0 0
|1 0
|4 0
|d 2010-06-04
|l 0
|r 2016-06-30 00:00:00
|w 2026-02-23
|